000 01766nam a22001457a 4500
999 _c529528
_d529528
008 250425b ||||| |||| 00| 0 eng d
100 _aKumar, Abinash and Anjani Ghosh, Kumar
_952427
245 _aIdentity, inequality and social justice in Bihar: A study in the light of caste-based survey
260 _aBihar Journal of Public Administration
300 _a21(2), Jul-Dec, 2024: p.902-908
520 _aThe state of Bihar has diversities in terms of caste, religion, culture, economic status and also geographical settings. It is a dominant assumption that the people’s different identities determine their roles in different way in structures of institutions of state making their relationship with other categories of people complex. The identity of religion and caste among other identities are politically most effective in Bihar. These identities have an intricate and complex relationship depending upon the situation. In most cases, the identities of caste and gender seem to be dependent on religious identity. Identity as women has drawn attention of political parties in recent years, but women also belong to identities of caste and religion. Thus, the present study attempts to explain the role of different categories of people in the creation of inequality which further leads to injustice at large. The article also critically evaluates the role of the government of Bihar in dispensing justice to marginalized sections of societies like women, backward castes, SCs/STs etc. – Reproduced http://www.iipabiharbranch.org/upload/BJPA%20Vol%20XXI%20No.%202%20Jul-Dec%202024.pdf
650 _aCaste, Religion, Equality, Gender, Identity, Social Justice. Bihar.
_952428
773 _aBihar Journal of Public Administration
942 _cAR